000 00263nam a2200109Ia 4500
008 190216s9999||||xx |||||||||||||| ||und||
100 _aHiralal Badodya
245 0 _aHindi-Nirala Sahitya Ka Anusilan
260 _bSahitya Samsthan
650 _aHindi
942 _cBK
999 _c15431
_d15431